LIBRARY & INFORMATION CENTRE, KCAET, TAVANUR

ONLINE PUBLIC ACCESS CATALOGUE (OPAC)

Biorenewable resource: engineering new products from agriculture / (Record no. 12908)

MARC details
000 -LEADER
fixed length control field 00447cam a2200169ua 4500
003 - CONTROL NUMBER IDENTIFIER
control field OSt
008 - FIXED-LENGTH DATA ELEMENTS--GENERAL INFORMATION
fixed length control field 250812b |||||||| |||| 00| 0 eng d
020 ## - INTERNATIONAL STANDARD BOOK NUMBER
ISBN 1-4051-2510-1
041 ## - LANGUAGE CODE
Language code of text/sound track or separate title eng
082 ## - DEWEY DECIMAL CLASSIFICATION NUMBER
Classification number 627.01
Item number BRO/BI
100 ## - MAIN ENTRY--AUTHOR NAME
Personal name Brown, Robert C.
245 ## - TITLE STATEMENT
Title Biorenewable resource: engineering new products from agriculture /
250 ## - EDITION STATEMENT
Edition statement 1st /
260 ## - PUBLICATION, DISTRIBUTION, ETC. (IMPRINT)
Place of publication Iowa :
Name of publisher Iowa state press ,
Year of publication 2003.
300 ## - PHYSICAL DESCRIPTION
Number of Pages 286 ; .
942 ## - ADDED ENTRY ELEMENTS (KOHA)
Koha item type Books
Holdings
Withdrawn status Lost status Damaged status Home library Current library Date acquired Full call number Accession Number Koha item type
      KAUAET KAUAET 07/04/2012 627.01 BRO/BI 21208 Books
      KAUAET KAUAET 07/04/2012 627.01 BRO/BI 21733 Books
free website counter